1848 1918 1217 1102 1167 1102 1414 1635 1321 1546 1511 1904 1007 1793 1959 1187 1646 1834 1307 1681 1308 1802 1108 1646 1806 1968 1517 1406 1040 1878 1597 1806 1169 1105 1574 1951 1571 1604 1187 1107 1442 1309 1947 1482 1915 1986 1424 1755 1430 1070 1647 1886 1773 1897 1740 1954 1078 1140 1978 1012 1983 1404 1789 2000 1019 1222 1089 1885 1598 1822 1785 1520 1037 1889 1283 1909 1899 1671 1472 1907 1740 1158 1237 1692 1824 1173 1289 1472 1354 1343 1262 1903 1564 1849 1244 1527 1885 1814 1728 BCNSPRNW ULIB Ver.6.0+V

เปลี่ยนเป็นภาษาไทย

Change to English
 แสดงรายละเอียดบรรณานุกรม
  กลับหน้าหลัก

Brief Record : Get Marc (ISO 2709) : E-mail record : QR code < ปิดหน้าต่าง
LEADER : 00000nam 2200000uu 4500
001    13399123310
003     ULIB
008    140820s2548||||th 000 0 tha d
099    วพ.WํY100.4^bจ179
245 00 วิเคราะห์เนื้อหา....
945    ^p0^l0^i018229
999    ^aเกษร โพธิ์สุวรรณ
รายการนี้ยังไม่มีแท็ก
คุณยังไม่ได้ล็อกอิน คุณสามารถมีกิจกรรมร่วมกับเว็บไซต์ได้ แต่ต้องล็อกอินก่อน ::
  ล็อกอิน

รายการสื่อสารสนเทศ

ลำดับที่ ประเภท เลขเรียก/บาร์โค้ด สถานที่ สถานะ
1. งานวิจัย
งานวิจัย
วพ.WํY100.4 จ179 ฉ.1 
  Barcode: 018229
ห้องสมุดวิทยาเขตสวรรค์ประชารักษ์
►วิจัย
บนชั้น

BibComment


ยังไม่เคยถูกคอมเมนท์

คอมเมนท์ทรัพยากรรายการนี้
  คอมเมนท์: วิเคราะห์เนื้อหา


 Copyright 2026. Bcnsprnw @Library